000
00476nam a2200145Ia 4500
008
090124s9999 xx 000 0 und d
082
_b
202612
245
_a
कळस चढविला मंदिरी
250
_a
1
260
_b
बेलवलकर वासुदेव ( कॅप्टन )
_c
1981
300
_a
527
630
_a
कळस चढविला मंदिरी
730
_a
कळस चढविला मंदिरी
942
_c
BOOK
999
_c
184193
_d
184193